00552 2200193 4500001002100000005001500021035002500036008004100061245006800102100001800170260004000188300003400228020001800262082001200280084001800292650002000310600001600330990001200346INLIS00000000000005320220527100635 a0010-121900000000053220527 | ind 1 a9 strategi bertanam cabai bebas hama & penyakit /cNeni Rostini1 aROSTINI, Neni aJakarta :bAgromedia Pustaka,c2012 aviii, 98 p. :bill. ;c21 cm. a979-006-392-x a635.649 a635.649 ROS s 4aCAPSICUM ANNUUM 4aCULTIVATION aaC00639